Los delitos de peligro y la prueba del dolo /

Guardado en:
Autor Principal: Baigún, David
Formato: Libro
Idioma:Spanish
Publicado: Buenos Aires : Depalma, 1967
Materias:
Etiquetas: Agregar Etiqueta
Sin Etiquetas, Sea el primero en etiquetar este registro!
LEADER 00397nam a22001335a 4500
001 DER.der012934
008 180615s1967####ag#||||||||||||||#||spa||
005 20260209184330.0
245 1 0 |a Los delitos de peligro y la prueba del dolo /  |c David Baigún 
260 |a Buenos Aires :  |b Depalma,  |c 1967 
300 |a 56 p. 
100 1 |a Baigún, David 
650 7 |a DERECHO PENAL 
859 |a DERECHO  |b BIB. DERECHO  |h 345  |i BAI  |p 007759